Drapeaux du monde - Statistiques

Statistiques générales
  • Ce quiz a été pris 30 fois
  • Le résultat moyen est 27 sur 254
Statistiques - réponses
Par images Réponse % Correct
Andorre
95%
Albanie
86%
Emirats Arabes Unis
81%
Argentine
76%
Arménie
76%
Autriche
76%
Australie
67%
Belgique
67%
Bulgarie
67%
Angola
62%
Brésil
62%
Bangladesh
57%
Bosnie-Herzégovine
57%
Afghanistan
52%
Barbade
52%
Canada
52%
Azerbaidjan
48%
Bahreïn
48%
Bénin
48%
Bhoutan
48%
Burkina Faso
48%
Suisse
48%
Bahamas
43%
Biélorussie
43%
Brunei
43%
Burundi
43%
Cameroun
43%
Chili
43%
Chine
43%
Rep dem Congo
43%
Antigua-et-Barbuda
38%
Botswana
38%
Chypre
38%
Colombie
38%
Côte d'Ivoire
38%
République Centrafricaine
38%
Bélize
33%
Bolivie
33%
Congo
33%
Cuba
33%
Tchéquie
33%
Allemagne
29%
Danemark
29%
Algérie
24%
Antarctique
24%
Cap-Vert
24%
Egypte
24%
Espagne
24%
Costa Rica
19%
Dominique
19%
Equateur
19%
Erythrée
19%
Estonie
19%
Ethiopie
19%
Fidji
19%
Finlande
19%
France
19%
République Dominicaine
19%
Djibouti
14%
Angleterre
10%
Géorgie
10%
Îles Cook
10%
Koweït
10%
Micronésie
10%
Royaume-Uni
10%
Åland
5%
Anguilla
5%
Arabie Saoudite
5%
Aruba
5%
Écosse
5%
Gabon
5%
Grenade
5%
Haïti
5%
Îles Marshall
5%
Îles Salomon
5%
Irak
5%
Irlande du Nord
5%
Italie
5%
Kiribati
5%
Laos
5%
Mauritanie
5%
Nauru
5%
Norvège
5%
Nouvelle-Zélande
5%
Palaos
5%
Pays de Galles
5%
Philippines
5%
Sahara Occidental
5%
Saint-Barthélemy
5%
Saint-Christophe-et-Niévès
5%
Saint-Vincent-et-les-Grenadines
5%
Samoa
5%
Samoa Américaines
5%
Somalie
5%
Soudan
5%
Togo
5%
Tonga
5%
Tuvalu
5%
Vénézuela
5%
Afrique du Sud
0%
Bermudes
0%
Birmanie
0%
Cambodge
0%
Comores
0%
Corée du Nord
0%
Corée du Sud
0%
Croatie
0%
Curaçao
0%
Eswatini
0%
Etats-Unis
0%
Gambie
0%
Géorgie du sud-et-les Îles Sandwich du Sud
0%
Ghana
0%
Gibraltar
0%
Grêce
0%
Groenland
0%
Guadeloupe
0%
Guam
0%
Guatemala
0%
Guernesey
0%
Guinée
0%
Guinée-Bissau
0%
Guinée Equatoriale
0%
Guyana
0%
Guyane
0%
Honduras
0%
Hong Kong
0%
Hongrie
0%
Île Bouvet
0%
Île Christmas
0%
Île de Man
0%
Îles Caïmans
0%
Îles Cocos
0%
Îles Féroé
0%
Îles Heard-et-MacDonald
0%
Îles Malouines
0%
Îles Mariannes du Nord
0%
Îles mineures éloignées des Etats-Unis
0%
Îles Norfolk
0%
Îles Pitcairn
0%
Îles Turques-et-Caïques
0%
Îles Vierges américaines
0%
Îles Vierges britanniques
0%
Inde
0%
Indonésie
0%
Iran
0%
Irlande
0%
Islande
0%
Israël
0%
Jamaïque
0%
Japon
0%
Jersey
0%
Jordanie
0%
Kazakhstan
0%
Kenya
0%
Kirghizistan
0%
Kosovo
0%
Lesotho
0%
Lettonie
0%
Liban
0%
Libéria
0%
Libye
0%
Liechtenstein
0%
Lituanie
0%
Luxembourg
0%
Macao
0%
Macédoine du Nord
0%
Madagascar
0%
Malaisie
0%
Malawi
0%
Maldives
0%
Mali
0%
Malte
0%
Maroc
0%
Martinique
0%
Maurice
0%
Mayotte
0%
Mexique
0%
Moldavie
0%
Monaco
0%
Mongolie
0%
Monténégro
0%
Montserrat
0%
Mozambique
0%
Namibie
0%
Népal
0%
Nicaragua
0%
Niger
0%
Nigéria
0%
Niue
0%
Nouvelle-Calédonie
0%
Oman
0%
Ouganda
0%
Ouzbekistan
0%
Pakistan
0%
Palestine
0%
Panama
0%
Papouasie-Nouvelle-Guinée
0%
Paraguay
0%
Pays-Bas
0%
Pays-Bas Caribéens
0%
Pérou
0%
Pologne
0%
Polynésie Française
0%
Porto Rico
0%
Portugal
0%
Qatar
0%
Réunion
0%
Roumanie
0%
Russie
0%
Rwanda
0%
Sainte-Hélène,Ascension et Tristan da Cunha
0%
Sainte-Lucie
0%
Saint-Marin
0%
Saint-Martin
0%
Saint-Martin
0%
Saint-Pierre-et-Miquelon
0%
Salvador
0%
Sao Tomé-et-Principe
0%
Sénégal
0%
Serbie
0%
Seychelles
0%
Sierra Leone
0%
Singapour
0%
Slovaquie
0%
Slovénie
0%
Soudan du Sud
0%
Sri Lanka
0%
Suède
0%
Suriname
0%
Svalbard et Jan Mayen
0%
Syrie
0%
Tadjikistan
0%
Taïwan
0%
Tanzanie
0%
Tchad
0%
Terres australes et antarctiques françaises
0%
Territoire britannique de l'océan Indien
0%
Thaïlande
0%
Timor Oriental
0%
Tokelau
0%
Trinité-et-Tobago
0%
Tunisie
0%
Turkménistan
0%
Turquie
0%
Ukraine
0%
Uruguay
0%
Vanuatu
0%
Vatican
0%
Viet Nam
0%
Wallis-et-Futuna
0%
Yémen
0%
Zambie
0%
Zimbabwe
0%
Aucun quiz correspondant
Distribution des résultats
% des personnes avec chaque résultat
Percentile par nombre de réponses
Votre historique - résultats
Vous n’avez pas pris ce quiz